000 00535nam a2200193Ia 4500
005 20250508160653.0
008 008 250505s9999 xx 000 0 eng d
037 _aTextual
040 _aFEDL
_beng
_cFEDL
041 _aeng
_2eng
084 _a150, GAR
_qFEDL
100 _aGarrison Karl C
_984372
245 0 _aPsychology of human development
260 _aScranton
_bInternational Text book Company
_c1969
300 _axii,400p.
650 _aPsychology
942 _cTEXL
_h150, GAR
999 _c1365952
_d1365952